000 00643cam a22002413a 4500
001 23210
003 PGUSA
005 20140828083508.0
008 071027s2007||||xxu|||||s|||||000 1 eng d
040 _aPGUSA
_beng
042 _adc
050 4 _aPS
100 1 _aHerbert, Frank,
_d1920-1986
245 1 0 _aMissing Link
_h[electronic resource] /
_cFrank Herbert
260 _bProject Gutenberg,
_c2007
506 _aPublic domain in the USA.
516 _aElectronic text
653 _aScience fiction
653 _aShort stories
830 0 _aProject Gutenberg
_v23210
856 4 0 _uhttp://www.gutenberg.org/ebooks/23210
942 _cEB
999 _c252465
_d252465